Innovations in innovation : (Record no. 6806)
[ view plain ]
| 000 -LEADER | |
|---|---|
| fixed length control field | 00705cam a22002172 4500 |
| 001 - CONTROL NUMBER | |
| control field | 0000005027 |
| 005 - DATE AND TIME OF LATEST TRANSACTION | |
| control field | 20151217151950.0 |
| 008 - FIXED-LENGTH DATA ELEMENTS--GENERAL INFORMATION | |
| fixed length control field | 070605s xx 000 0 eng d |
| 020 ## - INTERNATIONAL STANDARD BOOK NUMBER | |
| International Standard Book Number | 9298664644 : |
| 040 ## - CATALOGING SOURCE | |
| Original cataloging agency | KABU |
| Transcribing agency | KABU |
| 050 #0 - LIBRARY OF CONGRESS CALL NUMBER | |
| Classification number | T173.8 |
| Item number | .I56 |
| 245 10 - TITLE STATEMENT | |
| Title | Innovations in innovation : |
| Remainder of title | reflections on partnership, institutions and learning / |
| Statement of responsibility, etc. | edited by A. J. Hall ... [et al.] |
| 260 ## - PUBLICATION, DISTRIBUTION, ETC. (IMPRINT) | |
| Place of publication, distribution, etc. | New Delhi : |
| Name of publisher, distributor, etc. | ICRISAT, |
| Date of publication, distribution, etc. | 2004. |
| 300 ## - PHYSICAL DESCRIPTION | |
| Extent | ix, 238 p. |
| 650 #0 - SUBJECT ADDED ENTRY--TOPICAL TERM | |
| Topical term or geographic name as entry element | Technological innovations. |
| -- | 0000033363 |
| 700 1# - ADDED ENTRY--PERSONAL NAME | |
| Personal name | Hall, A. J. |
| -- | 0000155514 |
| 908 ## - PUT COMMAND PARAMETER (RLIN) | |
| Put command parameter | 070605 |
| 950 ## - LOCAL HOLDINGS (RLIN) | |
| -- | 1 |
| Withdrawn status | Lost status | Source of classification or shelving scheme | Not for loan | Home library | Current library | Date acquired | Total Checkouts | Full call number | Barcode | Date last seen | Price effective from | Koha item type |
|---|---|---|---|---|---|---|---|---|---|---|---|---|
| Library of Congress Classification | Kabarak, Main Campus | Kabarak, Main Campus | 17/12/2015 | T173.8 .I56 | 007168 | 17/12/2015 | 17/12/2015 | General Collection | ||||
| Library of Congress Classification | Kabarak, Main Campus | Kabarak, Main Campus | 17/12/2015 | T173.8 .I56 | 007169 | 17/12/2015 | 17/12/2015 | General Collection | ||||
| Library of Congress Classification | Kabarak, Main Campus | Kabarak, Main Campus | 17/12/2015 | T173.8 .I56 | 007170 | 17/12/2015 | 17/12/2015 | General Collection |